=LDR 00000nam 2200000 4500 =001 INLIS000000000010469 =005 20130612102129 =008 ***********************************Ind** =035 ##$$0010-061300000010469 =041 ##$$a Ind =082 ##$$a 445 =090 ##$$a 445, Hut g =100 ##$$a HUTAGALUNG, Rory Buthony =245 ##$$a Grammaire Frangaise, Suatu Pendekatan Sistematik dan Holistik =260 ##$$a 2003 $b Jakarta =300 ##$$a 217 hlm, ilus, 24 cm =650 ##$$a Bahasa Prancis - Tata Bahasa =850 ##$$a NBPNMAT